[Event "Montevideo"]
[Site "Montevideo"]
[Date "1994.??.??"]
[Round "8"]
[White "Adla, Diego"]
[Black "Olazarri, Marcelo"]
[Result "1-0"]
[WhiteElo "2415"]
[BlackElo "2245"]

1.d4 Nf6 2.c4 e6 3.Nf3 b6 4.a3 Ba6 5.Qc2 Bb7 6.Nc3 c5 7.e4 cxd4 8.Nxd4 Bc5
9.Nb3 Nc6 10.Bf4 e5 11.Bg5 O-O 12.O-O-O Nd4 13.Nxd4 Bxd4 14.f3 h6 15.Bd2 a6
16.Kb1 Rc8 17.Ne2 Bc5 18.Bc3 Qc7 19.Ng3 b5 20.b4 Be7 21.Nf5 d6 22.c5 d5 23.Qf2 d4
24.Bd2 Kh7 25.Bd3 Ng8 26.h4 Rfe8 27.g4 Ra8 28.g5 Bf8 29.f4 a5 30.h5 axb4
31.Bxb4 exf4 32.gxh6 Nxh6 33.Nxh6 gxh6 34.Rhg1 Be7 35.e5+ Kh8 36.Qxf4 Bg5
37.Rxg5 hxg5 38.Qf6+  1-0

[Event "Moscow ol (Women)"]
[Site "Moscow"]
[Date "1994.??.??"]
[Round "2"]
[White "Sultana, Zakia"]
[Black "Itaas, Susan"]
[Result "1/2-1/2"]
[WhiteElo "2025"]
[BlackElo "2005"]

1.d4 Nf6 2.c4 e6 3.Nf3 b6 4.a3 Bb7 5.Nc3 Be7 6.Bg5 h6 7.Bh4 Ne4 8.Bxe7 Qxe7
9.Rc1 O-O 10.e3 Qf6 11.Be2 Na6 12.Nxe4 Bxe4 13.Qa4 Nb8 14.c5 Bc6 15.Qc2 g6
16.h3 d6 17.b4 b5 18.O-O Rc8 19.Nh2 Kg7 20.f4  1/2-1/2

[Event "Moscow op"]
[Site "Moscow"]
[Date "1994.??.??"]
[Round "5"]
[White "Enhbat, Tegshsuren"]
[Black "Panchenko, Alexandar G"]
[Result "0-1"]
[WhiteElo "2300"]
[BlackElo "2485"]

1.d4 Nf6 2.c4 e6 3.Nf3 b6 4.a3 Bb7 5.Nc3 d5 6.cxd5 exd5 7.g3 Be7 8.Bg2 O-O
9.Ne5 Re8 10.O-O Bd6 11.Nd3 Ne4 12.Nb5 Bf8 13.Bf4 Na6 14.Rc1 c5 15.Ne5 f6
16.Nf3 Qd7 17.a4 Bc6 18.dxc5 bxc5 19.Nd2 Nxd2 20.Qxd2 Rad8 21.Qa5 Qb7 22.Rfd1 Kh8
23.Bf3 g6 24.h4 Rd7 25.Qc3 Kg7 26.h5 Nb4 27.hxg6 hxg6 28.Qd2 Kg8 29.Bh6 Be7
30.Qf4 d4 31.Kg2 Kf7 32.b3 a6 33.Na3 Nd5 34.Qd2 Nc3 35.Rh1 Bd8 36.Rxc3 dxc3
37.Qxc3 Rxe2 38.Qc4+ Re6 39.Bxc6 Qxc6+ 40.Kh2 Rd5  0-1

[Event "Moscow ol (Men)"]
[Site "Moscow"]
[Date "1994.??.??"]
[Round "6"]
[White "Bayram, Yakup"]
[Black "Anastasian, Ashot"]
[Result "0-1"]
[WhiteElo "2225"]
[BlackElo "2540"]

1.d4 Nf6 2.c4 e6 3.Nf3 b6 4.a3 Bb7 5.Nc3 d5 6.cxd5 Nxd5 7.e3 Be7 8.Bb5+ c6
9.Bd3 Nxc3 10.bxc3 O-O 11.a4 c5 12.a5 cxd4 13.exd4 bxa5 14.Bd2 Qc7 15.Ne5 Nc6
16.Qh5 g6 17.Qe2 Nxe5 18.Qxe5 Qxe5+ 19.dxe5 Rfd8 20.Ke2 Bxg2 21.Rhd1 Bf3+
22.Kxf3 Rxd3+ 23.Be3 Rxc3 24.Rxa5 Bg5 25.Rd7 a6 26.Rd6 Rb8 27.Raxa6 Bxe3
28.fxe3 Rbb3  0-1

[Event "Moscow"]
[Site "Moscow"]
[Date "1994.??.??"]
[Round "7"]
[White "Zlochevskij, Alexander"]
[Black "Ivanov, Victor L"]
[Result "1-0"]
[WhiteElo "2485"]
[BlackElo "2385"]

1.d4 Nf6 2.c4 e6 3.Nf3 b6 4.a3 Bb7 5.Nc3 g6 6.Qc2 Bg7 7.e4 O-O 8.Bg5 h6 9.Be3 d6
10.h3 Nbd7 11.Be2 d5 12.cxd5 exd5 13.e5 Ne4 14.Bd3 Nxc3 15.bxc3 Re8 16.h4 Nf8
17.h5 g5 18.Nxg5 hxg5 19.h6 Bh8 20.h7+ Kg7 21.f4 gxf4 22.Bxf4 Re6 23.O-O-O Qe7
24.Kb2 f6 25.Qe2 fxe5 26.Qg4+ Kf7 27.Bg5 Qd6 28.Qh5+ Ng6 29.Rdf1+ Ke8 30.Bxg6+ Rxg6
31.Rf6 Bxf6 32.Qxg6+ Kd7 33.Qxf6  1-0

[Event "Moscow ol (Women)"]
[Site "Moscow"]
[Date "1994.??.??"]
[Round "8"]
[White "Litinskaya, Marta I"]
[Black "Tsiganova, Monika"]
[Result "0-1"]
[WhiteElo "2295"]
[BlackElo "2260"]

1.d4 Nf6 2.c4 e6 3.Nf3 b6 4.a3 Ba6 5.e3 c5 6.Nbd2 Bb7 7.Bd3 Be7 8.O-O O-O
9.b3 cxd4 10.exd4 d5 11.Bb2 Nc6 12.Rc1 Rc8 13.Re1 Bd6 14.Ne5 Ne7 15.Re3 Ng6
16.g3 Qe7 17.h4 Rfd8 18.h5 Nf8 19.Ndf3 Nxh5 20.Nxf7 Qxf7 21.Ng5 Qe8 22.Nxe6 Nxe6
23.Bf5 Kh8 24.c5 Bb8 25.b4 Rc7 26.Rxe6 Qf7 27.Re5 Nf6 28.b5 Bc8 29.c6 Bxf5
30.Rxf5 Re7 31.Qf3 Bc7 32.Kg2 Qe6 33.Re5 Bxe5 34.dxe5 Ne4 35.Rd1 h6 36.Bd4 Rf7
37.Qh5 Rf5 38.Qe2 Rdf8 39.Rd3 Rxf2+ 40.Bxf2 Rxf2+ 41.Qxf2 Nxf2 42.Kxf2 Qxe5
43.a4 Qb2+  0-1

[Event "Moscow ol (Men)"]
[Site "Moscow"]
[Date "1994.??.??"]
[Round "10"]
[White "Lutz, Christopher"]
[Black "Romanishin, Oleg M"]
[Result "0-1"]
[WhiteElo "2580"]
[BlackElo "2605"]

1.d4 Nf6 2.c4 e6 3.Nf3 b6 4.a3 Bb7 5.Nc3 g6 6.Bg5 Bg7 7.Bh4 O-O 8.e4 d6 9.Bd3 Nbd7
10.O-O e5 11.d5 Qe8 12.b4 Nh5 13.Nd2 Nf4 14.Bc2 Bf6 15.Bxf6 Nxf6 16.g3 Nh3+
17.Kg2 Bc8 18.c5 Qe7 19.cxd6 cxd6 20.Qe2 h5 21.Rfc1 h4 22.Ba4 Kg7 23.Nd1 Rh8
24.Ne3 Nh5 25.Kf1 Ng5 26.Ke1 hxg3 27.hxg3 Nf6 28.f3 Rh1+ 29.Ndf1 Bh3 30.Kd2 Nh5
31.Rc3 Nxg3 32.Nxg3 Rxa1 33.Bd1 Qf6 34.Nh1 Qf4 35.Nf2 Ra2+ 36.Rc2 Rxc2+ 37.Kxc2 Bd7
38.Kb2 Rh8 39.Nd3 Qg3 40.Nf1 Qg1  0-1

[Event "Moscow ol (Men)"]
[Site "Moscow"]
[Date "1994.??.??"]
[Round "11"]
[White "Agdestein, Espen"]
[Black "Olafsson, Helgi"]
[Result "1-0"]
[WhiteElo "2330"]
[BlackElo "2520"]

1.d4 Nf6 2.c4 e6 3.Nf3 b6 4.a3 Bb7 5.Nc3 d5 6.Qc2 Be7 7.cxd5 Nxd5 8.Bd2 O-O
9.e4 Nxc3 10.Bxc3 Nd7 11.Rd1 Qc8 12.Bd3 Rd8 13.O-O c5 14.d5 c4 15.Be2 exd5
16.exd5 Nf6 17.Ng5 Bxd5 18.Bxf6 Bxf6 19.Qxh7+ Kf8 20.Bf3 Bxg5 21.Bxd5 Qg4
22.Rfe1 Be3 23.fxe3  1-0

[Event "Moscow2"]
[Site "Moscow"]
[Date "1994.??.??"]
[Round "11"]
[White "Notkin, Maksim"]
[Black "Gagarin, Vasilij"]
[Result "1-0"]
[WhiteElo "2485"]
[BlackElo "2425"]

1.d4 Nf6 2.c4 e6 3.Nf3 b6 4.a3 Ba6 5.Qc2 Bb7 6.Nc3 c5 7.e4 cxd4 8.Nxd4 Nc6
9.Nxc6 Bxc6 10.Bf4 Nh5 11.Be3 Qb8 12.O-O-O Bd6 13.g3 f5 14.f4 Bc5 15.Bxc5 bxc5
16.Bg2 Qb7 17.Nb5 Bxb5 18.cxb5 Qxb5 19.exf5 Rb8 20.fxe6 dxe6 21.Rhe1 O-O
22.Bf1 Qb7 23.Bc4 Kh8 24.Rxe6 Nf6 25.Kb1 a5 26.Ka2 h6 27.Rdd6 Rfd8 28.Rxd8+ Rxd8
29.Re5 Qb6 30.Bb3 Rc8 31.Qc4 Qc7 32.h3 Qd6 33.g4 Nd7 34.Re6 Qf8 35.g5 Rb8
36.gxh6 a4 37.Qxa4 c4 38.Qxc4 Nc5 39.hxg7+  1-0

[Event "Moscow ol (Men)"]
[Site "Moscow"]
[Date "1994.??.??"]
[Round "11"]
[White "Abarca Aguirre, Manuel"]
[Black "Cao Sang"]
[Result "1/2-1/2"]
[WhiteElo "2360"]
[BlackElo "2210"]

1.d4 Nf6 2.c4 e6 3.Nf3 b6 4.a3 Bb7 5.Nc3 Be7 6.d5 d6 7.g3 e5 8.Bg2 O-O 9.O-O Nbd7
10.b4 a5 11.Bb2 Ne8 12.e4 g6 13.Nd2 Ng7 14.Nb3 f5 15.exf5 Nxf5 16.Ne4 axb4
17.axb4 Rxa1 18.Qxa1 Qa8 19.Qxa8 Rxa8 20.Ra1 Rxa1+ 21.Bxa1 Kf8 22.b5  1/2-1/2

[Event "Moscow ol (Men)"]
[Site "Moscow"]
[Date "1994.??.??"]
[Round "12"]
[White "Lputian, Smbat G"]
[Black "Almasi, Zoltan"]
[Result "1-0"]
[WhiteElo "2590"]
[BlackElo "2620"]

1.d4 Nf6 2.c4 e6 3.Nf3 b6 4.a3 Bb7 5.Nc3 d5 6.Qc2 Be7 7.cxd5 Nxd5 8.Bd2 O-O
9.e4 Nxc3 10.Bxc3 Nd7 11.Rd1 Qc8 12.Bd3 Rd8 13.O-O Nf8 14.b4 Ng6 15.Qb2 Bf8
16.Bd2 c5 17.Rc1 Bc6 18.h4 Qb7 19.h5 Ne7 20.Rfe1 cxd4 21.Nxd4 Be8 22.Re3 Rac8
23.Rxc8 Qxc8 24.Bc3 f6 25.Bc2 Bf7 26.Bb3 h6 27.Qa2 Rd6 28.Nb5 Rd8 29.Rg3 Kh7
30.Nd4 Rd6 31.Qe2 Qe8 32.e5 Rxd4 33.Bxd4 Bxh5 34.Bc2+ f5 35.Qc4 Qd7 36.b5 Nd5
37.Qc6 Qf7 38.Be3 Be2 39.Bd2 Bc5 40.Bb3 Nc7 41.a4 Bd4 42.Bb4 g5 43.Qc2  1-0

[Event "Moscow ol (Men)"]
[Site "Moscow"]
[Date "1994.??.??"]
[Round "12"]
[White "Psakhis, Lev"]
[Black "Zarnicki, Pablo"]
[Result "0-1"]
[WhiteElo "2605"]
[BlackElo "2475"]

1.d4 Nf6 2.c4 e6 3.Nf3 b6 4.a3 Ba6 5.Qc2 Bb7 6.Nc3 c5 7.e4 cxd4 8.Nxd4 Bc5
9.Nb3 Nc6 10.Bf4 e5 11.Bg5 h6 12.Bh4 g5 13.Bg3 d6 14.O-O-O a6 15.f3 Qe7 16.h4 O-O-O
17.Nd5 Nxd5 18.cxd5 Nb8 19.Nxc5 bxc5 20.b4 Nd7 21.Kd2 Kb8 22.Rb1 Rc8 23.Bf2 cxb4
24.Qa4 Nc5 25.Qxb4 gxh4 26.Bxc5 dxc5 27.Qb6 c4 28.Qxa6 Rc7 29.Kc2 Qc5 30.Qb6 Qxa3
31.Qb4 Qa7 32.Be2 c3 33.Bc4 Rhc8 34.Qd6 Qf2+ 35.Kb3 c2 36.Rbc1 Qxg2 37.Rhf1 Qg6
38.Qxg6 fxg6 39.Bb5 Rc5 40.Kb4 Ka7 41.Bd7 Rc4+ 42.Kb3 R8c5 43.Rf2 Bc8 44.Bb5 Rc3+
45.Kb2 Ba6 46.Be8 Kb6 47.Bxg6 R3c4 48.Kb3 Rc8 49.Kb2 Ka7 50.Ka1 Ra4+ 51.Kb2 Bd3
52.d6 Rb4+ 53.Ka2 Rcb8  0-1

[Event "Nagykanizsa op"]
[Site "Nagykanizsa"]
[Date "1994.??.??"]
[Round "?"]
[White "Sacchini, Michele"]
[Black "Chernyshov, Konstantin"]
[Result "0-1"]
[WhiteElo "2075"]
[BlackElo "2480"]

1.d4 e6 2.Nf3 Nf6 3.c4 b6 4.a3 Bb7 5.Nc3 Ne4 6.Nxe4 Bxe4 7.Nd2 Bg6 8.g3 c5
9.Bg2 Nc6 10.d5 Nd4 11.e4 e5 12.O-O Bd6 13.Nb3 O-O 14.f4 f5 15.Nxd4 cxd4
16.fxe5 Bxe5 17.exf5 Rxf5 18.Bf4 Bxf4 19.Rxf4 Rxf4 20.gxf4 Qf6 21.Qd2 Re8
22.Rf1 d3 23.Rf2 Qd4 24.Qc3 Qxc3 25.bxc3 Re1+ 26.Bf1 Bf5  0-1

[Event "New York op"]
[Site "New York"]
[Date "1994.??.??"]
[Round "2"]
[White "Nemet, Ivan"]
[Black "Denker, Arnold S"]
[Result "1-0"]
[WhiteElo "2425"]
[BlackElo "2275"]

1.d4 Nf6 2.c4 e6 3.Nf3 b6 4.a3 Bb7 5.Nc3 Be7 6.d5 exd5 7.cxd5 O-O 8.e4 Re8
9.Bd3 Na6 10.O-O Nc5 11.Bc2 d6 12.Nd4 Bf8 13.f3 a5 14.Rb1 g6 15.b4 axb4 16.axb4 Ncd7
17.Ba4 Bg7 18.Bg5 h6 19.Bc6 Qc8 20.Be3 Bxc6 21.Nxc6 Ne5 22.Nxe5 Rxe5 23.Qd2 Kh7
24.Bd4 Re7 25.Nb5 Ne8 26.Bxg7 Nxg7 27.Rbc1 Ne8 28.Rc3 Ra4 29.Nd4 Qa8 30.Nc6 Rd7
31.f4 Ra1 32.Rxa1 Qxa1+ 33.Rc1 Qa3 34.Re1 Nf6 35.Qd4 Ng4 36.Qd2 h5 37.h3 Nh6
38.f5 Qg3 39.Rf1 gxf5 40.exf5 f6 41.Nd4 Re7 42.Ne6 Nf7 43.Rf3 Qg8 44.Qe2 Ne5
45.Rf4 Kh8 46.Rh4 Rh7 47.Rxh5 Qg3 48.Rxh7+ Kxh7 49.Qh5+ Kg8 50.Qe8+ Kh7 51.Qe7+ Kg8
52.Qd8+ Kh7 53.Qxc7+ Kg8 54.Qd8+ Kh7 55.Qe7+ Kg8 56.Qe8+ Kh7 57.Qh5+ Kg8
58.Qe2 Qb3 59.Qf2 Kf7 60.Qxb6 Nd7  1-0

[Event "New York op"]
[Site "New York"]
[Date "1994.??.??"]
[Round "3"]
[White "Sjodahl, Pontus"]
[Black "Alvarez, Franklin"]
[Result "1-0"]
[WhiteElo "2385"]
[BlackElo "2250"]

1.d4 Nf6 2.c4 e6 3.Nf3 b6 4.a3 Bb7 5.Nc3 Be7 6.d5 d6 7.g3 e5 8.Bg2 O-O 9.O-O Nbd7
10.Ne1 a5 11.Nd3 Ba6 12.b3 Re8 13.e4 Rb8 14.Qc2 Qc8 15.Bb2 Qb7 16.a4 c6 17.dxc6 Qxc6
18.Rfd1 Rbd8 19.Ba3 Qa8 20.f3 Nb8 21.Nc1 Nc6 22.N1e2 Qb8 23.Bh3 Bc8 24.Bxc8 Qxc8
25.Kg2 Qb8 26.Nb5 Rd7 27.Nec3 Red8 28.Qf2 Na7 29.Nxa7 Qxa7 30.Rd3 Ne8 31.Rad1 Nc7
32.Nd5 Nxd5 33.Rxd5 Qc7 34.R1d3 Qc6 35.Qd2 Kf8 36.c5 bxc5 37.Bxc5 Ke8 38.Bf2 Rb8
39.Qxa5 Rdb7 40.Rc3 Qd7 41.Rdd3 Qe6 42.Qa6 d5 43.Rc6 dxe4 44.Rxe6 exd3 45.Rxe7+ Kxe7
46.Qxd3 Rxb3 47.Bc5+ Kf6 48.Qd6+ Kg5 49.Qxe5+ Kg6 50.g4  1-0

[Event "New York op"]
[Site "New York"]
[Date "1994.??.??"]
[Round "8"]
[White "Nemet, Ivan"]
[Black "Lobron, Eric"]
[Result "0-1"]
[WhiteElo "2425"]
[BlackElo "2570"]

1.d4 Nf6 2.c4 e6 3.Nf3 b6 4.a3 Ba6 5.Qc2 Bb7 6.Nc3 c5 7.dxc5 bxc5 8.Bf4 Be7
9.e3 Nh5 10.Bg3 Bxf3 11.gxf3 Nc6 12.Bd3 f5 13.Ne2 O-O 14.f4 Rb8 15.O-O Bf6
16.Rab1 Qa5 17.e4 g6 18.f3 Nd4 19.Qd1 Nxe2+ 20.Bxe2 Bd4+ 21.Kh1 Rb7 22.Qd3 Qc7
23.Qd2 Rb3 24.Bd1 Rb6 25.b4 Rd6 26.b5 Bg7 27.Qc2 Bh6 28.e5 Rb6 29.Re1 d6
30.a4 Rd8 31.a5 Rbb8 32.Qc3 Bxf4 33.Bxf4 Nxf4 34.a6 dxe5 35.Qxe5 Qxe5 36.Rxe5 Rd2
37.Rxc5 Rbd8 38.Bb3 Re2 39.Rd5 exd5 40.c5 Rde8 41.h4 Rf2  0-1

[Event "PCA-op"]
[Site "New York"]
[Date "1994.??.??"]
[Round "10"]
[White "Khenkin, Igor"]
[Black "Romanishin, Oleg M"]
[Result "1-0"]
[WhiteElo "2580"]
[BlackElo "2605"]

1.d4 Nf6 2.c4 e6 3.Nf3 b6 4.a3 Bb7 5.Nc3 g6 6.Qc2 Bxf3 7.gxf3 Nc6 8.e3 Bg7
9.f4 O-O 10.Bg2 Na5 11.Bxa8 Qxa8 12.e4 Nxc4 13.Qe2 Na5 14.Qc2 Nh5 15.Be3 f5
16.d5 fxe4 17.dxe6 d5 18.Nb5 c5 19.e7 Re8 20.Nc7 Qc6 21.Nxe8 Qxe8 22.O-O-O Nf6
23.b4 Nc4 24.Rxd5 Nxe3 25.fxe3 Nxd5 26.Qc4 Qxe7 27.Qxd5+ Kh8 28.Rd1 cxb4
29.Qd8+ Bf8 30.Qxe7 Bxe7 31.axb4 Bxb4 32.Rd8+ Kg7 33.Rd7+ Kf6 34.Rxa7 Bc5
35.Kd2 h5 36.Ke2 g5 37.fxg5+ Kxg5 38.Rf7 Bd6 39.h3 Kh4 40.Rf5 Bg3 41.Rb5 Bc7
42.Kf2 Kxh3 43.Rxh5+ Kg4 44.Rd5 Bg3+ 45.Ke2 Bh2 46.Rd7 Kf5 47.Rb7 Bd6 48.Rxb6 Ke6
49.Rb5 Bc7 50.Kd2 Be5 51.Kc2 Kd6 52.Kb3 Ba1 53.Kc4 Bh8 54.Rb8 Ba1 55.Rd8+ Ke6
56.Re8+  1-0

[Event "NLD-ch op"]
[Site "?"]
[Date "1994.??.??"]
[Round "?"]
[White "Tyomkin, Dimitri"]
[Black "Oei, Hway Ik"]
[Result "1/2-1/2"]
[WhiteElo "2310"]
[BlackElo "2265"]

1.d4 Nf6 2.c4 e6 3.Nf3 b6 4.a3 c5 5.d5 Ba6 6.b3 exd5 7.cxd5 d6 8.g3 g6 9.Bg2 Bg7
10.Bb2 O-O 11.O-O Re8 12.Re1 Nbd7 13.Nfd2 b5 14.a4 b4 15.Nc4 Nb6 16.Nxb6 Qxb6
17.a5 Qc7 18.Nd2 Rac8 19.e4 Nd7 20.Bxg7 Kxg7 21.f4 Qd8 22.Kh1 Qf6 23.Bh3 Rcd8
24.e5 dxe5 25.Ne4 Qe7 26.d6 Qf8 27.Qd5 exf4 28.gxf4 Bc8 29.Bxd7 Rxd7 30.a6 f5
31.Nxc5 Rxd6 32.Qc4 Bd7 33.Qxb4 Bc6+ 34.Kg1 Qf6 35.Rxe8 Qxa1+ 36.Re1 Qb2
37.Ne4 Qd4+ 38.Qxd4+ Rxd4 39.Ng5 Rd7 40.Ne6+ Kf7 41.Ng5+ Kg7 42.Ne6+ Kf7
43.Ng5+ Kf8 44.Ne6+ Ke8 45.Nd4+ Be4 46.Nb5 Kd8 47.Nc3 Rd4 48.Nxe4 Rxe4 49.Rxe4 fxe4
50.Kf2 Kc7 51.Ke3 Kb6 52.Kxe4 Kxa6 53.Ke5  1/2-1/2

[Event "SLO-ch"]
[Site "Nova Gorica"]
[Date "1994.??.??"]
[Round "?"]
[White "Jelen, Iztok"]
[Black "Jazbinsek, Sebastjan"]
[Result "1/2-1/2"]
[WhiteElo "2400"]
[BlackElo "2210"]

1.d4 Nf6 2.c4 e6 3.Nf3 b6 4.a3 Bb7 5.Nc3 Ne4 6.Nxe4 Bxe4 7.e3 Be7 8.Bd3 Bxd3
9.Qxd3 O-O 10.O-O d6 11.e4 Nd7 12.b4 Bf6 13.Be3 Qe7 14.Rac1 Rfd8 15.Qc3 g6
16.e5 Bg7 17.Bg5 f6 18.exf6 Bxf6 19.Qe3 Re8 20.Rfe1 e5 21.d5 a5 22.Re2 axb4
23.axb4 Ra4 24.Bxf6 Qxf6 25.Ng5 Rxb4 26.Nxh7 Kxh7 27.Qh3+ Kg7 28.Qxd7+ Re7
29.Qh3 Qf4 30.Rec2 Ra4 31.Qd3 Rf7 32.h3 Rf8  1/2-1/2

[Event "Ostrava"]
[Site "Ostrava"]
[Date "1994.??.??"]
[Round "7"]
[White "Novikov, Igor A"]
[Black "Kortschnoj, Viktor"]
[Result "1/2-1/2"]
[WhiteElo "2565"]
[BlackElo "2615"]

1.d4 Nf6 2.c4 e6 3.Nf3 b6 4.a3 Bb7 5.Nc3 d5 6.cxd5 Nxd5 7.Qc2 Nxc3 8.bxc3 Be7
9.e4 O-O 10.Bd3 c5 11.O-O Ba6 12.Bxa6 Nxa6 13.Rd1 cxd4 14.cxd4 Qc8 15.Qe2 Re8
16.Bb2 Qb7 17.Rd3 Rac8 18.Rad1 b5 19.Ne5 Bd6 20.d5 Bxe5 21.Bxe5 f6 22.dxe6 Nc5
23.Rd7 Qxe4 24.Qxe4 Nxe4 25.Bd4 a6 26.e7 Kf7 27.h4 Rc6 28.f3 Ng3 29.Bf2 Nf5
30.g4 Nxe7 31.Re1 a5  1/2-1/2

[Event "Pardubice"]
[Site "Pardubice"]
[Date "1994.??.??"]
[Round "4"]
[White "Greenfeld, Alon"]
[Black "Kindermann, Stefan"]
[Result "1/2-1/2"]
[WhiteElo "2600"]
[BlackElo "2560"]

1.d4 Nf6 2.c4 e6 3.Nf3 b6 4.a3 Ba6 5.Qc2 Bb7 6.Nc3 c5 7.e4 cxd4 8.Nxd4 Nc6
9.Nxc6 Bxc6 10.Bf4 Bc5 11.O-O-O Nh5 12.Bd6 Bxd6 13.Rxd6 O-O 14.g3 f5 15.Bg2 f4
16.Rhd1 Qg5 17.Qd2 Qe5 18.Bf1 a5 19.g4 Nf6 20.f3 Ne8 21.Rxd7 Bxd7 22.Qxd7 Rf7
23.Qc6 Rb8 24.Nb5 Re7 25.h4 Nc7 26.Qd6 Qxd6 27.Nxd6 a4 28.e5 Na6 29.Rd4 Rf8
30.Ne4 Nc5 31.Nxc5 bxc5 32.Rd6 Rb8 33.Be2 Reb7 34.Rd2 Kf8 35.Bd1 Ra7 36.Bc2 Ke7
37.Rd6 Rab7 38.Bxa4 Rxb2 39.Rd7+ Kf8 40.Bc2 Ra2 41.Bxh7 Rxa3 42.Bd3 Ra1+
43.Kc2 Ra2+ 44.Kc3 Rba8 45.Rb7 R8a3+ 46.Rb3 Rxb3+ 47.Kxb3 Rf2 48.Be4 Re2
49.Kc3 Re3+ 50.Kd2 g6 51.Bc6 Kf7 52.g5 Rb3 53.Kc2 Rb6 54.Bb5 Rb8 55.Kd3 Rd8+
56.Ke2 Ke7 57.Ba6 Ra8 58.Bb5 Ra3 59.Kf2 Ra2+ 60.Kg1 Rc2 61.Ba6 Rb2  1/2-1/2

[Event "Pardubice op"]
[Site "Pardubice"]
[Date "1994.??.??"]
[Round "6"]
[White "Krasenkow, Michal"]
[Black "Nikolenko, Oleg"]
[Result "1-0"]
[WhiteElo "2595"]
[BlackElo "2475"]

1.d4 e6 2.c4 Nf6 3.Nf3 b6 4.a3 Ba6 5.Qc2 Bb7 6.Nc3 c5 7.e4 cxd4 8.Nxd4 Bc5
9.Nb3 Nc6 10.Bg5 h6 11.Bh4 Nd4 12.Nxd4 Bxd4 13.O-O-O Be5 14.Bd3 Qc7 15.Bg3 a6
16.Bxe5 Qxe5 17.Qd2 Qc7 18.f4 d6 19.Kb1 O-O-O 20.b4 Kb8 21.Rc1 Rc8 22.Rc2 Rhg8
23.Rf1 Rgd8 24.Qe2 Ka7 25.g4 Qe7 26.h4 Nd7 27.g5 hxg5 28.hxg5 Rh8 29.Qg4 g6
30.Rd1 Rcd8 31.Rcd2 f6 32.Bc2 fxg5 33.Rxd6 gxf4 34.Qxf4 Nb8 35.e5 Rc8 36.Na4 Bc6
37.b5 axb5 38.cxb5 Bxb5 39.Nxb6 Rc5 40.Na4 Rc4 41.Qe3+  1-0

[Event "Paris op"]
[Site "Paris"]
[Date "1994.??.??"]
[Round "6"]
[White "Gofshtein, Leonid D"]
[Black "Solozhenkin, Evgeniy"]
[Result "1/2-1/2"]
[WhiteElo "2525"]
[BlackElo "2525"]

1.d4 Nf6 2.c4 e6 3.Nf3 b6 4.a3 Ba6 5.Qc2 Bb7 6.Nc3 c5 7.e4 cxd4 8.Nxd4 d6
9.Be2 Nbd7 10.O-O a6 11.Rd1 Qc7 12.a4 Be7 13.f4 O-O 14.Be3 Rfe8 15.Kh1 Bf8
16.Nb3 Nc5 17.Nd2 Rac8 18.Bf3 Ncd7 19.Qd3 Qb8 20.Qe2 Bc6 21.Bf2 Be7 22.Bg3 Nf8
23.Rf1 N6d7 24.Bh5 Nf6 25.f5 exf5 26.exf5 Bd8 27.Qd1 Nxh5 28.Qxh5 Bf6 29.Nf3 Bxc3
30.bxc3 Bxf3 31.Qxf3 Nd7 32.Rad1 Ne5 33.Bxe5 Rxe5 34.f6 g6 35.Rd4 Rce8 36.h3 R8e6
37.Rd5 Re3 38.Qf4 a5 39.Rfd1 R3e4 40.Qf3 Qd8 41.R5d4 Rxd4 42.cxd4 Rxf6 43.Qb7 Rf4
44.Qc6 Rf6 45.d5 Rf4 46.Rb1 Qf6 47.Qxb6 Rxc4 48.Qxa5 Kg7 49.Qa6 Qf4 50.a5 Qe4
51.Qb7 Rc2 52.Rg1  1/2-1/2

[Event "Passau op"]
[Site "Passau"]
[Date "1994.??.??"]
[Round "?"]
[White "Notkin, Maksim"]
[Black "Shipov, Sergei"]
[Result "0-1"]
[WhiteElo "2485"]
[BlackElo "2525"]

1.d4 Nf6 2.c4 e6 3.Nf3 b6 4.a3 Bb7 5.Nc3 d5 6.cxd5 Nxd5 7.Qc2 Be7 8.Bd2 O-O
9.e4 Nxc3 10.Bxc3 Nd7 11.Rd1 c5 12.dxc5 Qc8 13.cxb6 axb6 14.Bb5 Nc5 15.Nd2 Ba6
16.Bxa6 Qxa6 17.Nb3 Qa4 18.Nd4 Qxc2 19.Nxc2 Rfc8 20.f3 Na4 21.Kd2 Nxc3 22.bxc3 Bf6
23.Rb1 Rxc3 24.Rxb6 Rd8+ 25.Kc1 Rdc8 26.Rb2 Rxa3 27.e5 Bxe5  0-1

[Event "World op"]
[Site "Philadelphia"]
[Date "1994.??.??"]
[Round "?"]
[White "Lputian, Smbat G"]
[Black "Arbakov, Valentin"]
[Result "1-0"]
[WhiteElo "2590"]
[BlackElo "2575"]

1.d4 Nf6 2.c4 e6 3.Nf3 b6 4.a3 Ba6 5.Qc2 c5 6.d5 exd5 7.cxd5 d6 8.Nc3 Nbd7
9.g3 Be7 10.Bg2 O-O 11.O-O Re8 12.Re1 Bf8 13.h3 Ne5 14.Nxe5 Rxe5 15.Bf4 Re8
16.b4 Nd7 17.b5 Bc8 18.e4 g5 19.Be3 Bg7 20.Qd2 c4 21.Rac1 h6 22.Ne2 Ne5 23.Nd4 Nd3
24.Nc6 Qf6 25.Rxc4 Nxe1 26.Qxe1 Qb2 27.a4 a6 28.Qb4 Qa2 29.Bxb6 axb5 30.axb5 Qa1+
31.Kh2 Qd1 32.Rd4 Qh5 33.e5 dxe5 34.Rd2 e4 35.Ne7+ Kh8 36.Nxc8 Raxc8 37.d6 Qg6
38.Bc7 e3 39.fxe3 Be5 40.b6 Qf6 41.d7  1-0

[Event "World op"]
[Site "Philadelphia"]
[Date "1994.??.??"]
[Round "?"]
[White "Khenkin, Igor"]
[Black "Budnikov, Alexandar"]
[Result "1/2-1/2"]
[WhiteElo "2555"]
[BlackElo "2535"]

1.d4 Nf6 2.c4 e6 3.Nf3 b6 4.a3 Bb7 5.Nc3 g6 6.Bg5 Bg7 7.Qc2 h6 8.Bh4 d6 9.O-O-O Nbd7
10.e4 g5 11.Bg3 Nh5 12.e5 Nxg3 13.hxg3 g4 14.Nh4 dxe5 15.d5 Qg5+ 16.Kb1 O-O-O
17.dxe6 Nc5 18.Be2  1/2-1/2

[Event "CRO-ch"]
[Site "Porec"]
[Date "1994.??.??"]
[Round "?"]
[White "Bilobrk, Franjo"]
[Black "Vadla, Zeljko"]
[Result "1-0"]
[WhiteElo "2345"]
[BlackElo "2245"]

1.d4 Nf6 2.c4 e6 3.Nf3 b6 4.a3 Bb7 5.Nc3 d5 6.cxd5 Nxd5 7.e3 Be7 8.Bb5+ c6
9.Bd3 O-O 10.O-O c5 11.e4 Nxc3 12.bxc3 Nd7 13.Re1 cxd4 14.cxd4 Nf6 15.Qe2 Rc8
16.Bb2 Rc7 17.Rad1 Qa8 18.d5 exd5 19.e5 Ne4 20.Nd4 Bc5 21.Qh5 Re8 22.f3 g6
23.Qg4 Rxe5 24.fxe4 Rce7 25.Kh1 dxe4 26.Bb1 f5 27.Qg5 Bd5 28.Ne2 Bb3 29.Bxe5  1-0

[Event "CRO-ch"]
[Site "Porec"]
[Date "1994.??.??"]
[Round "?"]
[White "Kozul, Zdenko"]
[Black "Fucak, Emilijo"]
[Result "1-0"]
[WhiteElo "2575"]
[BlackElo "2280"]

1.d4 Nf6 2.Nf3 e6 3.c4 b6 4.a3 d5 5.cxd5 exd5 6.Nc3 Be7 7.Qa4+ Qd7 8.Qb3 O-O
9.Bg5 Bb7 10.g3 h6 11.Bxf6 Bxf6 12.Bg2 Re8 13.O-O Na6 14.Rad1 c6 15.e4 dxe4
16.Ne5 Bxe5 17.dxe5 Qc7 18.Nxe4 Rxe5 19.Nd6 Re6 20.Nf5 Qe5 21.Qc2 Qc5 22.Qxc5 Nxc5
23.b4 Ne4 24.Rd7 Ba6 25.Re1 Rae8 26.Bxe4 Rxe4 27.Ne7+ R8xe7 28.Rxe7 Rxe1+
29.Rxe1 Kf8 30.f4 Bb5 31.Kf2 g6 32.Re4 h5 33.Ke3 f6 34.f5 g5 35.h4 g4 36.Kd4 Kf7
37.Re3 a6 38.Re6 a5 39.bxa5 bxa5 40.Re4  1-0

[Event "Pula PCA op"]
[Site "Pula"]
[Date "1994.??.??"]
[Round "?"]
[White "Cebalo, Miso"]
[Black "Fucak, Emilijo"]
[Result "1-0"]
[WhiteElo "2520"]
[BlackElo "2280"]

1.d4 Nf6 2.Nf3 e6 3.c4 b6 4.a3 Bb7 5.Nc3 d5 6.cxd5 Nxd5 7.Qc2 Nxc3 8.bxc3 c5
9.e4 Qc7 10.Bb5+ Bc6 11.Bd3 Nd7 12.Bg5 Bb7 13.Qd2 h6 14.Bh4 g5 15.Bg3 Bd6
16.O-O Bf4 17.Qe2 Rc8 18.Bb5 Bc6 19.a4 Kf8 20.e5 a5 21.Bxf4 gxf4 22.Qd2 Bxf3
23.gxf3 cxd4 24.cxd4 Qb7 25.Ra3 Rg8+ 26.Kh1 Rg5 27.Qxf4 Rc2 28.Bd3 Rb2 29.h4 Rg7
30.Rc3 Qd5 31.Bc4 Qb7 32.Bxe6 h5 33.Rfc1 Rxf2 34.Bxd7  1-0

[Event "Pula PCA op"]
[Site "Pula"]
[Date "1994.??.??"]
[Round "?"]
[White "Cebalo, Miso"]
[Black "Tukmakov, Vladimir B"]
[Result "0-1"]
[WhiteElo "2520"]
[BlackElo "2570"]

1.d4 Nf6 2.Nf3 e6 3.c4 b6 4.a3 c5 5.d5 Ba6 6.Qc2 exd5 7.cxd5 g6 8.e4 Bxf1
9.Kxf1 d6 10.Nc3 Bg7 11.Bf4 O-O 12.h3 Re8 13.g4 b5 14.Kg2 Qb6 15.a4 b4 16.Nb5 b3
17.Qxb3 Rxe4 18.Bh2 Nbd7 19.Nd2 Rb4 20.Qd3 Qb7 21.Nxd6 Qxd5+ 22.Qxd5 Nxd5
23.N2c4 N7b6 24.Ne5 Nf4+ 25.Bxf4 Rxf4 26.Rhe1 Rd8 27.a5 Bxe5 28.Rxe5 Rxd6
29.axb6 axb6 30.Re8+ Kg7 31.g5 Rd2 32.Raa8 Rfxf2+  0-1

[Event "Pula PCA op"]
[Site "Pula"]
[Date "1994.??.??"]
[Round "?"]
[White "Cebalo, Miso"]
[Black "Shneider, Aleksandr"]
[Result "1/2-1/2"]
[WhiteElo "2520"]
[BlackElo "2570"]

1.d4 Nf6 2.Nf3 e6 3.c4 b6 4.a3 Ba6 5.Qc2 Bb7 6.Nc3 c5 7.dxc5 bxc5 8.Bf4 Be7
9.Rd1 O-O 10.e3 Qb6 11.Be2 d6 12.O-O Rd8 13.Rd2 Nbd7 14.Rfd1 Nf8  1/2-1/2

[Event "Pula PCA op"]
[Site "Pula"]
[Date "1994.??.??"]
[Round "?"]
[White "Savchenko, Stanislav"]
[Black "Kragelj, Igor"]
[Result "1-0"]
[WhiteElo "2540"]
[BlackElo "2250"]

1.d4 Nf6 2.c4 e6 3.Nf3 b6 4.a3 Ba6 5.Qc2 Be7 6.e4 d5 7.e5 Ne4 8.Bd3 Nd7 9.cxd5 Bxd3
10.Qxd3 exd5 11.Nc3 Nxc3 12.bxc3 Nf8 13.h4 Ne6 14.a4 c5 15.Bd2 Rc8 16.a5 h6
17.axb6 Qxb6 18.O-O O-O 19.Rfb1 Qd8 20.g3 Rc7 21.Ra6 Qd7 22.Qb5 Rd8 23.Qa5 Rdc8
24.Kg2 Ra8 25.Qb5 Qxb5 26.Rxb5 cxd4 27.cxd4 Rd7 28.Ra2 Rc8 29.Raa5 Rcd8 30.h5 f6
31.Be3 Kf7 32.Kf1 Ke8 33.Ke2 Kf7 34.Kd3 Ke8 35.exf6 Bxf6 36.Nh2 Ke7 37.Ng4 Kf7
38.f4 Ke7 39.f5 Nc7 40.Rb7 Ne8 41.Raxa7 Nd6 42.Rxd7+ Rxd7 43.Rxd7+ Kxd7 44.Nxf6+ gxf6
45.g4 Nf7 46.Kc3 Kd6 47.Kb4  1-0

[Event "EUCup Gr"]
[Site "Pula"]
[Date "1994.??.??"]
[Round "2"]
[White "Cvitan, Ognjen"]
[Black "Shneider, Aleksandr"]
[Result "1/2-1/2"]
[WhiteElo "2570"]
[BlackElo "2570"]

1.d4 Nf6 2.Nf3 e6 3.c4 b6 4.a3 Ba6 5.e3 d5 6.Nbd2 Be7 7.b4 O-O 8.Be2 dxc4
9.Nxc4 c5 10.bxc5 bxc5 11.O-O Nbd7 12.Bd2 Nb6 13.Ba5 cxd4 14.Nxd4 Qd7 15.Nxb6  1/2-1/2